| 000 | 00713nam a2200229 i 4500 | ||
|---|---|---|---|
| 001 | 36869 | ||
| 003 | ES-MaACL | ||
| 005 | 20230906155446.0 | ||
| 007 | t| | ||
| 008 | 030219s1966 sp ||||1| spa d | ||
| 100 | 1 |
_aBouyer, Louis ( _d1913-2004) _931095 |
|
| 245 | 1 | 1 |
_a¿Humano o cristiano? _b: antinomias de un humanismo cristiano / _cLouis Bouyer ; [tradujeron J.M. Pérez y J.L. Sandoval]. |
| 260 |
_aSalamanca : _bSígueme, _c1966. |
||
| 300 |
_a129 p. ; _c19 cm. |
||
| 490 | 1 |
_aEstela ; _v36 |
|
| 650 | 4 |
_aHumanismo cristiano. _9165808 |
|
| 700 | 1 |
_aPérez, J. M. _990580 |
|
| 700 | 1 |
_aSandoval, J. L. _9103103 |
|
| 830 | 1 |
_aEstela ; _v36 _9181322 |
|
| 852 |
_aES-MaACL _jC-45315 |
||
| 999 |
_c36869 _d36869 |
||